000 00700nam a22001815i 4500
001 164050
003 ES-MaACL
005 20250915063059.0
008 020604s1909 sp |||| | spa d
040 _aCAM
_bspa
_cCAM
100 1 _aRovira y Serra, Manuel,
_d1865-1929
_9132129
245 1 0 _aCómo debiera ser
_b: comedia en un acto /
_coriginal de Manuel Rovira y Serra.
260 _aMadrid :
_b[s.n.],
_c1909 (
_fR. Velasco impresor)
300 _a33 p. ;
_c20 cm.
596 1 _aEn verso de la antep. consta: "... Sociedad de Autores Españoles ..."
852 _aES-MaACL
_jG-3519(6)
_z-- Enc. hol., falto de la cub. original
_z-- Enc. en un vol. facticio
999 _c164050
_d164050